Fine Arts - Painting & Sculpture | 0 | 7 | 1 | 0 | 65 | 60 | 76.14 | 4 | 7 |
Literature - World Literature | 0 | 5 | 1 | 0 | 45 | 54 | 77.40 | 2 | 4 |
Science - Biology | 0 | 4 | 0 | 1 | 40 | 46 | 83.50 | 2 | 3 |
Literature - American Literature | 0 | 4 | 0 | 0 | 40 | 77 | 107.50 | 0 | 3 |
Science - Other Science | 0 | 4 | 0 | 0 | 40 | 62 | 70.25 | 0 | 3 |
History - American History | 0 | 3 | 0 | 0 | 30 | 52 | 87.00 | 1 | 2 |
Literature - European Literature | 0 | 3 | 1 | 0 | 25 | 44 | 85.33 | 1 | 2 |
Social Science | 0 | 2 | 0 | 0 | 20 | 83 | 100.00 | 1 | 2 |
Fine Arts - Other Fine Arts | 0 | 2 | 0 | 0 | 20 | 41 | 79.50 | 1 | 1 |
Literature - British Literature | 0 | 3 | 2 | 0 | 20 | 54 | 69.67 | 2 | 3 |
Other | 0 | 2 | 0 | 0 | 20 | 47 | 62.50 | 0 | 2 |
Religion | 0 | 2 | 1 | 0 | 15 | 83 | 83.50 | 0 | 1 |
Philosophy | 0 | 2 | 1 | 0 | 15 | 77 | 91.50 | 1 | 2 |
Fine Arts - Classical Music | 0 | 1 | 0 | 1 | 10 | 129 | 129.00 | 0 | 0 |
Science - Physics | 0 | 1 | 0 | 0 | 10 | 64 | 64.00 | 1 | 1 |
History - World History | 0 | 1 | 1 | 0 | 5 | 77 | 77.00 | 0 | 0 |
History - Other History | 0 | 1 | 1 | 0 | 5 | 100 | 100.00 | 0 | 0 |
Science - Chemistry | 0 | 0 | 2 | 0 | -10 | | 0.00 | 0 | 0 |